| 000 | 00408nam a22001577a 4500 | ||
|---|---|---|---|
| 003 | LK-CoDNM | ||
| 005 | 20240816102641.0 | ||
| 008 | 240816b |||||||| |||| 00| 0 eng d | ||
| 040 |
_aLK-CoDNM _dLK-CoDNM _eLK-CoDNM |
||
| 080 |
_a9 _bR13 |
||
| 100 | _aJACKSON WILLIAMS A.V | ||
| 245 | _azoroaster | ||
| 260 |
_anew york _bcolumibia universitiy press _c1919 |
||
| 300 | _axv, 312p. ; 24 cm | ||
| 942 | _cBK | ||
| 999 |
_c148133 _d148133 |
||